| 000 | 00825nam a2200217 a 4500 | ||
|---|---|---|---|
| 001 | 000034415 | ||
| 005 | 20200930073704.0 | ||
| 008 | 111004s2006 sp ac 000 0 spa d | ||
| 020 | _a9590901611 (Editorial José Martí) | ||
| 020 | _a8847601851 (Casa Editrice Bonechi) | ||
| 040 |
_aDO-SdBNP _bspa _cBNPHU |
||
| 082 | _axxx | ||
| 100 | 1 |
_aRecio, Renato _959839 |
|
| 245 | 1 | 3 |
_aEl libro de oro Cuba & / _ctextos de Renato Recio, Eduardo Jiménez y Milena Recio ; fotografías Marco Bonechi y Paolo Giambone. |
| 260 |
_aFlorencia, Italia : _bEditrice Bonechi ; _aLa Habana, Cuba : _bEditorial José Martí, _c2006. |
||
| 300 |
_a127 p. : _bil., retrs. ; _c26 cm. |
||
| 700 | 1 |
_aJiménez, Eduardo _959840 |
|
| 700 | 1 |
_aRecio, Milena _959841 |
|
| 700 | 1 |
_aBonechi, Marco, _efot. _959842 |
|
| 700 | 1 |
_aGiambone, Paolo, _efot. _959843 |
|
| 999 |
_c33906 _d33906 |
||